[Event "European Rapid Championship 2021"]
[Site "Katowice"]
[Date "2021.12.18"]
[Round "1.28"]
[White "Skrzypczynski, Kacper"]
[Black "Wiewiora, Eneasz"]
[Result "0-1"]
[WhiteElo "1762"]
[BlackElo "2333"]
[Annotator "TA"]
[PlyCount "102"]
[EventDate "2021.12.18"]
[EventType "swiss"]
[EventCountry "POL"]
[SourceTitle "playchess.com"]
[Source "ChessBase"]
[SourceQuality "1"]

{[%evp 9,102,-10,3,5,55,57,56,53,55,55,63,41,38,30,31,30,33,23,41,6,6,0,81,0,
42,-75,-5,-19,0,-48,-53,-54,-14,-21,0,0,169,152,163,155,156,83,104,-201,-196,
-209,-178,-155,-180,-1200,-735,-706,-735,-733,-730,-733,-712,-706,-717,-690,
-466,-440,-429,-702,-687,-658,-708,-692,-665,-796,-780,-975,-975,-973,-935,
-1383,-1317,-29973,-29975,-29975,-12821,-29976,-29974,-29975,-29976,-29976,
-5081,-29976,-29977,-29977,-29975,-29976,-29966,-29984,-29983]} 1. d4 Nf6 2.
Bg5 Ne4 3. h4 c5 4. d5 Qb6 5. Nd2 Nxd2 6. Bxd2 {A45: Trompowsky Attack.} d6 (
6... Qxb2 $11 7. e4 g6) 7. e4 $14 Nd7 8. Bc3 {White is slightly better.} Nf6 9.
f3 e5 {[#]} 10. g3 $146 ({Predecessor:} 10. Qd2 Qc7 11. Ne2 b5 12. a3 a5 13.
Ng3 Bd7 14. b3 h5 15. f4 Ng4 16. Be2 {0-1 (34) Ostrovskiy,A (2547)-Brankovic,D
(2360) Chess.com INT 2020}) 10... Bd7 11. a4 Be7 12. Bh3 O-O 13. Qd2 c4 14. Ne2
Bxh3 15. Rxh3 Rac8 (15... h5 $11) 16. Bb4 ({Better is} 16. g4 $1 $16) 16... Nd7
(16... Qd8 $11) 17. O-O-O (17. g4 $1 $14 {keeps the upper hand.}) 17... Qa6 (
17... Nc5 $1 $17 18. Bxc5 Qxc5) 18. Nc3 $11 Nc5 19. Bxc5 (19. f4 $1 $11) 19...
Rxc5 $15 20. Qe3 Bd8 21. f4 $1 {[%cal Bf3f4,Bf4f5,Bf5f6,Bf6g7][%mdl 32]} Re8 {
[%cal Ob7b5]} 22. f5 Ba5 $2 (22... Rc8 $11) 23. f6 $18 {Qg5 would kill now.}
Bd8 24. fxg7 {aiming for Qh6.} b5 25. Nxb5 (25. axb5 $142 Qa1+ 26. Kd2 Qxb2 27.
Rb1) 25... c3 26. bxc3 {[%mdl 8192] White does not recover from this.} (26.
Nxc3 $16 {is forced if you want to stay better. Threatens to win with Kb1.} Ba5
27. Nb1 (27. Nb5 Bb4 $11)) 26... Qxa4 $19 27. Nxd6 Qa3+ 28. Kd2 Rxc3 $1 $40 {
[%mdl 128] Black is out for blood. Dancing on a razor blade.} 29. Qf2 {[#]} (
29. Qxc3 Ba5 30. Nb5 (30. Qxa5 $2 Qxa5+ 31. c3 Rb8 $19) 30... Bxc3+ 31. Nxc3)
29... Rxc2+ $3 {[%mdl 576] Decoy} 30. Kxc2 Qa2+ {[%mdl 64] Skewer} 31. Kc1 Qxf2
32. Nxe8 Qe3+ 33. Rd2 Ba5 {[%mdl 64] Pin} 34. Rhh2 Qa3+ 35. Rb2 Bc3 {[%mdl 64]
Pin} 36. Kb1 (36. h5 $142 Bxb2+ 37. Rxb2) 36... Bxb2 37. Rxb2 {[%mdl 4096]
Endgame [#] KQ-KRN} Qd3+ $1 38. Ka2 Qc4+ 39. Ka3 Qc8 {Inhibits Rb8.} 40. Nf6+
Kxg7 41. Nh5+ Kg6 42. g4 Qxg4 43. d6 Kxh5 {KQ-KR} 44. Rd2 Qxe4 (44... Qf4 $142
45. Rd3 Qxe4 46. Rb3 Qd5 47. Rc3 Qxd6+ 48. Kb3 e4 49. Kc4 Kxh4 50. Re3 f5 51.
Rc3 f4 52. Rb3 f3 53. Rb2 Qd3+ 54. Kb4 Qd4+ 55. Kb3 {[#]} Qxb2+ $3 {[%mdl 512]}
56. Kxb2 f2 57. Kc3 f1=Q 58. Kd4 Qd3+ 59. Kc5 e3 60. Kb4 e2 61. Kc5 e1=Q 62.
Kc6 Qe6+ 63. Kc7 Qb6+ 64. Kc8 Qh3#) 45. Kb2 Qb4+ 46. Kc2 Qa4+ 47. Kc3 Qc6+ (
47... Qd7 $142 48. Kc4 Kxh4 49. Kd5 Kg4 50. Kc5 e4 51. Rh2 Kf3 52. Rh6 e3 53.
Rh5 e2 54. Re5 Qc8+ 55. Kd5 Qb7+ 56. Kc5 Qc8+ 57. Kb4 Qb8+ 58. Kc5 Qc8+) 48.
Kb3 Qd7 {Black mates.} 49. Kc4 Kxh4 50. Kc5 e4 51. Rh2+ Kg3 {Weighted Error
Value: White=1.02/Black=0.47} 0-1

[Event "European Rapid Championship 2021"]
[Site "Katowice"]
[Date "2021.12.18"]
[Round "1.29"]
[White "Molenda, Marcin"]
[Black "Maslanka, Wojciech"]
[Result "1-0"]
[WhiteElo "2365"]
[BlackElo "1896"]
[Annotator "TA"]
[PlyCount "69"]
[EventDate "2021.12.18"]
[EventType "swiss"]
[EventCountry "POL"]
[SourceTitle "playchess.com"]
[Source "ChessBase"]
[SourceQuality "1"]

{[%evp 11,69,25,36,15,57,63,45,46,75,61,79,59,64,72,70,47,77,85,139,127,122,19,
15,15,20,25,16,16,18,15,25,19,366,395,399,399,395,390,1478,1261,5293,5293,
29963,431,5326,29960,5273,554,825,476,5414,387,424,424,424,424,413,412,402,396]
} 1. d4 Nf6 2. c4 e6 3. Nf3 b6 4. g3 Bb7 5. Bg2 Bb4+ 6. Bd2 c5 7. d5 {E16:
Queen's Indian: 4 g3 Bb7 5 Bg2 Bb4+.} Bxd2+ (7... exd5 $11 {might be stronger.}
8. Nh4 O-O) 8. Nfxd2 $14 (8. Nbxd2 exd5 9. Nh4 O-O $15) 8... exd5 9. Nc3 {
[%cal Rc4d5] White is slightly better.} d6 10. cxd5 ({Don't play} 10. Nxd5 Nxd5
11. O-O (11. cxd5 O-O $11) (11. Bxd5 Bxd5 12. cxd5 O-O $11) 11... O-O $11)
10... O-O 11. O-O {[#]} Ba6 $146 ({Predecessor:} 11... Na6 12. Nc4 Nc7 13. Re1
Ba6 14. b3 Rb8 15. e4 Bxc4 16. bxc4 b5 17. f4 b4 {0-1 (38) Paul,J (2218)-Wang,
T (2291) Charlotte 2018}) 12. a4 Nbd7 13. Nb5 Bxb5 14. axb5 a6 (14... Ne8 $142)
15. Nc4 ({But not} 15. bxa6 b5 $16) 15... axb5 16. Nxd6 {White is more active.}
(16. Rxa8 $16 Qxa8 17. Nxd6) 16... Rxa1 $11 17. Qxa1 Qe7 $1 {[%csl LRd6,LRe2]}
18. Nxb5 Qxe2 19. Nc3 Qc4 20. Re1 Qb4 21. Re2 Re8 $2 {[%mdl 8192] Black cannot
hold the game after this.} (21... h6 $11 {and Black stays safe.}) 22. Rxe8+ $18
Nxe8 23. Qa8 Ndf6 24. d6 $1 {[%cal Od6d7] And now d7! would win.} Qxb2 $2 {[#]}
(24... Qd4 25. Bc6 Qxd6 26. Bxe8 Qf8) 25. d7 $1 {[%mdl 64] Pin} Qc1+ (25...
Nxd7 26. Qxe8+) 26. Bf1 Nxd7 27. Qxe8+ Nf8 28. Nd5 g6 29. Nxb6 (29. Nf6+ $142
Kg7 30. Qe7) 29... Qd1 30. Nc4 {[#] Strongly threatening Ne5.} Qd4 (30... Qd7
$142 31. Qb8 Qe7) 31. Qe5 $2 (31. Ne5 Qd5 32. Bc4) 31... Qxe5 32. Nxe5 f6 33.
Bc4+ Kg7 34. Nd3 Nd7 35. Bb5 {Weighted Error Value: White=0.72/Black=0.67} 1-0

[Event "European Rapid Championship 2021"]
[Site "Katowice"]
[Date "2021.12.18"]
[Round "1.30"]
[White "Kindler, Karolina"]
[Black "Godzwon, Iwo"]
[Result "0-1"]
[WhiteElo "1801"]
[BlackElo "2352"]
[Annotator "TA"]
[PlyCount "62"]
[EventDate "2021.12.18"]
[EventType "swiss"]
[EventCountry "POL"]
[SourceTitle "playchess.com"]
[Source "ChessBase"]
[SourceQuality "1"]

{[%evp 18,62,-5,-32,-32,-35,-27,-47,-25,-33,-28,-66,28,-57,-39,-37,-26,-30,0,0,
11,0,0,-44,0,-15,0,0,0,0,0,-42,-45,-32,-45,-49,-40,-164,-189,-172,-166,-209,
-152,-602,-592,-1500,-1408]} 1. d4 Nf6 2. Nf3 g6 3. c4 Bg7 4. Nc3 O-O 5. Bf4 d6
6. h3 b6 7. e3 Bb7 8. Be2 Nbd7 9. O-O Ne4 10. Qc2 Nxc3 {E61: King's Indian:
Early deviations for White, including Smyslov System.} 11. Qxc3 e5 12. Bh2 ({
Wrong is} 12. dxe5 $2 dxe5 13. Bg5 (13. Nxe5 $2 Nxe5 14. Qc2 c5 $19) 13... e4
$1 {[%mdl 512]} 14. Bxd8 Bxc3 $19) 12... Qe7 {aiming for ...exd4. Black is
slightly better.} 13. Rfe1 {[#]} a5 $146 ({Predecessor:} 13... f5 14. Rad1 Kh8
15. Qc2 Rae8 16. b4 Bxf3 17. gxf3 exd4 18. exd4 Qh4 19. f4 Qxh3 {0-1 (56)
Nikolova,A (2243)-Mahalakshmi,M (2253) Chess.com INT 2021}) 14. a4 f5 ({
Better is} 14... exd4 $15 15. exd4 Rae8) 15. Rad1 ({White should try} 15. c5 $1
$11 dxc5 16. Nxe5) 15... e4 16. Nd2 Kh8 17. Qb3 Bc6 18. Nb1 g5 19. Nc3 Qf7 20.
Nd5 {Inhibits f4.} (20. Qc2 $11 {should be considered.}) 20... Nf6 (20... Bxd5
$15 {might be stronger.} 21. cxd5 Nf6) 21. Nxf6 Bxf6 22. Qc2 Rab8 23. b3 Bg7
24. c5 (24. Rf1 $11) 24... bxc5 $15 25. dxc5 d5 {[%cal Bd6d5,Bd5e4,Be4e3][%mdl
32]} ({Don't take} 25... Rxb3 26. Bc4 Rc3 {[#]} 27. Qxc3 $1 Bxc3 28. Bxf7 Bxe1
29. cxd6 $1 cxd6 30. Rxd6 $1 Rxf7 31. Be5+ (31. Rxc6 Kg8 $16) 31... Kg8 32.
Rxc6 $16) (25... Qxb3 26. Qxb3 Rxb3 27. cxd6 cxd6 28. Bxd6 $11) 26. f3 f4 27.
exf4 (27. fxe4 $1 $15 dxe4 28. Bc4) 27... gxf4 $19 {[%cal Bg5f4,Bf4f3][%mdl 32]
} 28. fxe4 dxe4 {...f3 is the strong threat.} 29. Bc4 (29. Bb5 {keeps fighting.
} Bd5 30. Rxd5 Qxd5 31. Qxe4 Qxc5+ 32. Kh1) 29... Qf5 30. Qf2 (30. Bb5 $17 Bxb5
31. axb5) 30... e3 31. Qe2 f3 {Weighted Error Value: White=0.73/Black=0.20 
(precise)} 0-1

[Event "European Rapid Championship 2021"]
[Site "Katowice"]
[Date "2021.12.18"]
[Round "1.30"]
[White "Lapa, Aleksandra"]
[Black "Wieczorek, Oskar"]
[Result "0-1"]
[WhiteElo "1681"]
[BlackElo "2367"]
[Annotator "TA"]
[PlyCount "68"]
[EventDate "2021.12.18"]
[EventType "swiss"]
[EventCountry "POL"]
[SourceTitle "playchess.com"]
[Source "ChessBase"]
[SourceQuality "1"]

{[%evp 17,68,19,28,33,31,14,14,16,16,12,36,31,44,45,58,-22,-12,-37,0,-87,-84,
-72,-83,-84,-83,-70,-48,-62,-48,-60,-46,-54,3,-26,0,-56,-33,-26,-29,-443,-431,
-711,-413,-475,-465,-474,-476,-470,-444,-695,-643,-736,-620]} 1. c4 Nf6 2. Nc3
e5 3. g3 Nc6 4. Bg2 g6 5. e4 Bg7 6. Nge2 O-O 7. O-O d6 8. h3 a6 9. d3 Rb8 10.
a4 {A26: English Opening vs King's Indian with ...Nc6 and d3.} Nd4 11. Nxd4
exd4 12. Ne2 {The position is equal.} Nd7 13. f4 {[#]} f5 $146 ({Predecessor:} 
13... c5 14. g4 b5 15. axb5 axb5 16. b3 bxc4 17. bxc4 Bb7 18. f5 Ne5 19. g5
gxf5 20. exf5 Bxg2 21. Kxg2 {0-1 (78) Gombocz,F (2280)-Chandratreya,P (1998)
Chess.com INT 2021}) 14. exf5 gxf5 15. b4 c5 16. b5 (16. bxc5 $14 dxc5 17. Kh2)
16... Nf6 $11 17. Rb1 Be6 18. Ba3 (18. g4 $11 {remains equal.}) 18... axb5 $17
19. Rxb5 b6 20. Kh2 Re8 21. Bc6 Bd7 (21... Re7 {is more complex.} 22. Qc2 Qc7
23. Bf3 Ree8 24. Rf2 Bd7) 22. Bxd7 Qxd7 23. Ng1 Ra8 24. Bc1 Ra6 ({Black should
play} 24... Qa7 $1 $15 25. g4 Qxa4 26. Qxa4 Rxa4 27. Rxb6 fxg4 28. Rxd6 h5) 25.
Qb3 Rea8 26. Rxb6 (26. Nf3 $11) 26... Rxb6 27. Qxb6 Qxa4 {[#] Strongly
threatening ...Qc2+.} 28. Re1 $2 {[%mdl 8192] Loses the game.} (28. Rf2 $1 $11
{and White is okay.}) 28... Qc2+ $19 29. Kh1 (29. Re2 $142 Qxd3 30. Qc6) 29...
Qxd3 30. Qxd6 Qxc4 {Threatens to win with ...Ne4. Black is clearly winning.}
31. Nf3 Qd5 ({Not} 31... Ne4 $2 32. Qd7 $19) 32. Qxd5+ Nxd5 33. Ng5 (33. Bb2
$142) 33... c4 34. Ne6 Re8 {Weighted Error Value: White=0.68/Black=0.30} 0-1

[Event "European Rapid Championship 2021"]
[Site "Katowice"]
[Date "2021.12.18"]
[Round "2.1"]
[White "Teclaf, Pawel"]
[Black "Galuszka, Tomasz"]
[Result "1-0"]
[WhiteElo "2345"]
[BlackElo "1886"]
[Annotator "NA"]
[PlyCount "61"]
[EventDate "2021.12.18"]
[EventType "swiss"]
[EventCountry "POL"]
[SourceTitle "playchess.com"]
[Source "ChessBase"]
[SourceQuality "1"]
[TimeControl "900+10"]

1. b4 {[%emt 0:00:02]} c6 {[%emt 0:00:09]} 2. Bb2 {[%emt 0:00:02]} Qb6 {
[%emt 0:00:01]} 3. a3 {[%emt 0:00:01]} a5 {[%emt 0:00:03]} 4. c4 {[%emt 0:00:
01]} d6 {[%emt 0:01:17]} 5. Nc3 {[%emt 0:02:48]} axb4 {[%emt 0:00:25]} 6. Na4 {
[%emt 0:00:59]} Qc7 {[%emt 0:00:09]} 7. axb4 {[%emt 0:00:02]} Nf6 {[%emt 0:00:
32]} 8. Nf3 {[%emt 0:00:06]} g6 {[%emt 0:00:18]} 9. g3 {[%emt 0:01:05]} Bg7 {
[%emt 0:00:02]} 10. Bg2 {[%emt 0:00:01]} O-O {[%emt 0:00:03]} 11. O-O {[%emt 0:
00:02]} Bg4 {[%emt 0:01:35]} 12. Qb3 {[%emt 0:00:21]} Nbd7 {[%emt 0:01:11]} 13.
h3 {[%emt 0:00:21]} Bxf3 {[%emt 0:00:05]} 14. Bxf3 {[%emt 0:00:04]} e5 {
[%emt 0:00:23]} 15. d3 {[%emt 0:00:25]} h5 {[%emt 0:00:51]} 16. Nc3 {[%emt 0:
00:21]} h4 {[%emt 0:00:19]} 17. gxh4 {[%emt 0:00:02]} Rfb8 {[%emt 0:01:12]} 18.
Kh1 {[%emt 0:00:36]} Qd8 {[%emt 0:00:01]} 19. Rg1 {[%emt 0:00:55]} Nh7 {
[%emt 0:00:26]} 20. h5 {[%emt 0:01:32]} Qh4 {[%emt 0:00:39]} 21. Rg3 {[%emt 0:
00:02]} Rxa1+ {[%emt 0:00:02]} 22. Bxa1 {[%emt 0:00:02]} Ng5 {[%emt 0:01:33]}
23. hxg6 {[%emt 0:01:01]} f5 {[%emt 0:01:14]} 24. c5+ {[%emt 0:00:44]} d5 {
[%emt 0:00:04]} 25. Nxd5 {[%emt 0:00:20]} cxd5 {[%emt 0:00:12]} 26. Qxd5+ {
[%emt 0:00:05]} Kh8 {[%emt 0:00:02]} 27. Qxd7 {[%emt 0:00:26]} Rf8 {[%emt 0:02:
22]} 28. Rxg5 {[%emt 0:03:59]} Qxg5 {[%emt 0:00:04]} 29. Bxe5 {[%emt 0:00:02]}
Qc1+ {[%emt 0:00:06]} 30. Kg2 {[%emt 0:00:01]} Qg5+ {[%emt 0:00:02]} 31. Bg4 {
[%emt 0:00:01]} 1-0

[Event "European Rapid Championship 2021"]
[Site "Katowice"]
[Date "2021.12.18"]
[Round "2.1"]
[White "Grzesik, Gracjan"]
[Black "Motylev, Alexander"]
[Result "0-1"]
[WhiteElo "1992"]
[BlackElo "2703"]
[Annotator "TA"]
[PlyCount "64"]
[EventDate "2021.12.18"]
[EventType "swiss"]
[EventCountry "POL"]
[SourceTitle "playchess.com"]
[Source "ChessBase"]
[SourceQuality "1"]

{[%evp 9,64,18,13,14,10,11,28,14,16,8,16,0,0,-9,-10,-38,-26,-48,-8,-16,7,-36,
-32,-61,0,0,0,0,0,0,-10,-22,-27,0,-8,-58,-70,-183,-64,-301,-316,-470,-483,-464,
-416,-435,-422,-567,-572,-850,-855,-843,-845,-831,-823,-793,-723]} 1. c4 e6 2.
Nc3 Nf6 3. e4 c5 4. Nf3 Nc6 5. Be2 e5 6. d3 {A34: Symmetrical English: 2 Nc3,
lines with ...d5.} d6 7. O-O g6 8. h3 {White has an edge.} Bg7 {[#]} 9. Be3
$146 ({Predecessor:} 9. Ne1 Be6 10. f4 Qd7 11. Nd5 exf4 12. Bxf4 O-O 13. Nc2
Ne8 14. Rb1 Bxd5 15. cxd5 {½-½ (30) Nguyen,T (2352)-Dehlinger,A (2236) Graz
2015}) 9... O-O 10. Qd2 Ne8 {[%cal Bf6e8,Be8c7,Bc7e6,Be6d4][%mdl 32]} 11. Nh2
Nc7 12. Nd5 Ne6 13. f4 f5 (13... exf4 {keeps more tension.} 14. Nxf4 Qa5 15.
Qxa5 Nxa5 16. Rab1 Nd4) 14. exf5 gxf5 15. fxe5 (15. Nf3 $11) 15... dxe5 $15 {
[%cal Ob7b5]} 16. Bh6 Bxh6 (16... Qd7 $15) 17. Qxh6 $11 Ned4 18. Rae1 Be6 19.
Nf3 {Nxd4 is the strong threat.} Bxd5 20. Ng5 {[%csl Gg5][%cal Rh6h7] [#]} Qe7
21. cxd5 Nb4 {[%csl LRa2,LRd5] aiming for ...Rf6. Pair of Knights!} 22. d6 (22.
Ne6 $11) 22... Qg7 $15 23. Qxg7+ Kxg7 {[%cal Bg8g7,Bg7h6,Bh6h5,Bh5g5,Bg5f6]
[%mdl 32]} 24. Bh5 $2 {[#] White does not recover from this.} ({White has to
play} 24. Nf3 $15) 24... Kh6 $19 ({Avoid the trap} 24... Nxd3 $2 25. Re3 c4 26.
Rg3 $19) 25. Nf7+ (25. Nxh7 {is a better defense.} Kxh7 26. Rxe5) 25... Kxh5
26. Nxe5 Rad8 27. g4+ Kg5 {Black is clearly winning.} ({Wrong is} 27... fxg4 $2
28. hxg4+ Kg5 29. Nf7+ Rxf7 30. Rxf7 $19) 28. d7 Nbc2 29. Rd1 Ne3 {[%csl LRd1,
LRf1,LRg4]} 30. Rde1 Nxf1 31. Rxf1 Kf6 32. Re1 Ke6 {Weighted Error Value:
White=0.50/Black=0.08 (flawless)} 0-1

[Event "European Rapid Championship 2021"]
[Site "Katowice"]
[Date "2021.12.18"]
[Round "2.2"]
[White "Demchenko, Anton"]
[Black "Sotsky, Alexander"]
[Result "1-0"]
[WhiteElo "2666"]
[BlackElo "2333"]
[Annotator "TA"]
[PlyCount "89"]
[EventDate "2021.12.18"]
[EventType "swiss"]
[EventCountry "POL"]
[SourceTitle "playchess.com"]
[Source "ChessBase"]
[SourceQuality "1"]

{[%evp 9,89,20,39,29,40,38,40,38,100,94,109,64,83,75,79,66,66,81,72,63,70,58,
50,52,111,47,47,73,74,45,40,13,189,128,241,235,227,224,477,343,407,387,382,376,
362,352,499,469,632,612,29986,29987,29987,29987,29989,5810,29988,29981,29980,
606,620,620,574,518,604,470,692,584,7429,5643,12833,12831,12830,10695,12829,
1050,5285,2897,12838,12839,12844,12842]} 1. e4 e6 2. d4 d5 3. Nc3 dxe4 4. Nxe4
Bd7 5. c4 Bc6 6. Nc3 {C10: French with 3 Nc3: Unusual Black 3rd moves and 3...
dxe4.} Nf6 7. Be3 Be7 8. Nf3 {White is slightly better.} Bxf3 (8... b6 $14) 9.
Qxf3 $16 c6 10. g4 {White is more active.} (10. Be2 $16) 10... h5 $14 {[#]} 11.
gxh5 $146 ({Predecessor:} 11. g5 Ng4 12. h4 Nxe3 13. Qxe3 Nd7 14. Be2 Qc7 15.
Rh3 Nf8 16. O-O-O O-O-O 17. Rf3 {1-0 (26) Samu,S (2156)-Frey,M (1941) Caleta
2012}) 11... Rxh5 12. O-O-O Qa5 13. Bd3 Nbd7 14. Rhg1 g6 15. Bd2 {[%cal Oc3d5]}
Qc7 16. Rxg6 {And now Bf4 would win.} Qxh2 ({Black should try} 16... Rh4 $14)
17. Bf4 Rh3 18. Rg3 Rxg3 19. fxg3 {[#] Hoping for Rh1.} Qh5 20. Be2 {This
bishop pair is nice.} Qa5 {This costs Black the game.} (20... Qxf3 $11 {
and Black stays safe.} 21. Bxf3 O-O-O) 21. Bd2 (21. d5 $18) 21... Qb6 (21...
Qf5 $16 {is a better defense.}) 22. c5 $18 Qc7 23. g4 {aiming for g5.} Nd5 $2 (
23... Nh7 24. Qf2 Ndf8) 24. Rf1 f6 25. Qe4 Nf8 26. Nxd5 cxd5 27. Bb5+ Kf7 (
27... Kd8 $142 28. Qe2 a6) 28. Qe2 Qg3 29. g5 f5 30. Qh5+ Kg8 31. Rh1 Rc8 32.
Kb1 (32. Qh8+ $142 Kf7 {[#]} 33. Rh7+ $1 {[%mdl 512]} Nxh7 34. Qxh7+ Kf8 35. g6
Qg1+ 36. Kc2 Qxg6 37. Qxg6) 32... a6 33. Be8 Rxe8 34. Qxe8 (34. Qh8+ $142 Kf7
35. Qh5+ Kg8 36. Qxe8 Qg2 37. Rd1 (37. Qxe7 Qe4+ 38. Kc1 Qxh1+ 39. Kc2 Qh7 $11)
37... Qe2 38. Rg1 Qe4+ 39. Ka1 Qxd4 40. Rh1) 34... Bxg5 {White is clearly
winning.} 35. Bxg5 Qxg5 {[%mdl 4096] Endgame KQR-KQN} 36. Qb8 Qe3 37. Rc1 Qe4+
(37... Qxd4 $142 38. Qxb7 Qe4+ 39. Ka1 Qe3) 38. Ka1 Qe3 {[%cal Re3c1]} 39. Rd1
f4 40. Qxb7 f3 41. Qxa6 Ng6 42. a3 (42. c6 $142 Qe2 43. Qxe2 fxe2 44. Re1)
42... f2 43. c6 {[%cal Bc5c6,Bc6c7][%mdl 32] Black must now prevent c7.} Ne7
44. c7 Qf3 45. Rf1 {Weighted Error Value: White=0.33/Black=0.75} 1-0

[Event "European Rapid Championship 2021"]
[Site "Katowice"]
[Date "2021.12.18"]
[Round "2.2"]
[White "Baum, Jonasz"]
[Black "Widelski, Kacper"]
[Result "1-0"]
[WhiteElo "2343"]
[BlackElo "1884"]
[Annotator "NA"]
[PlyCount "69"]
[EventDate "2021.12.18"]
[EventType "swiss"]
[EventCountry "POL"]
[SourceTitle "playchess.com"]
[Source "ChessBase"]
[SourceQuality "1"]
[TimeControl "900+10"]

1. d4 {[%emt 0:00:01]} Nf6 {[%emt 0:00:03]} 2. c4 {[%emt 0:00:01]} e5 {[%emt 0:
00:25]} 3. dxe5 {[%emt 0:00:03]} Ng4 {[%emt 0:00:01]} 4. e3 {[%emt 0:00:01]}
Nxe5 {[%emt 0:00:09]} 5. f4 {[%emt 0:00:01]} Nec6 {[%emt 0:01:19]} 6. Nc3 {
[%emt 0:00:04]} Bb4 {[%emt 0:00:25]} 7. Bd2 {[%emt 0:00:42]} O-O {[%emt 0:00:
36]} 8. Nf3 {[%emt 0:00:26]} d6 {[%emt 0:00:27]} 9. Bd3 {[%emt 0:00:13]} Nd7 {
[%emt 0:00:33]} 10. O-O {[%emt 0:03:39]} f5 {[%emt 0:01:56]} 11. Nd5 {[%emt 0:
02:33]} Bxd2 {[%emt 0:00:31]} 12. Qxd2 {[%emt 0:00:01]} Nc5 {[%emt 0:00:46]}
13. Bc2 {[%emt 0:00:29]} a5 {[%emt 0:02:11]} 14. a3 {[%emt 0:00:53]} a4 {
[%emt 0:00:26]} 15. Rad1 {[%emt 0:00:21]} Ne7 {[%emt 0:01:08]} 16. Nc3 {
[%emt 0:01:03]} Be6 {[%emt 0:00:24]} 17. Qe2 {[%emt 0:00:03]} Kh8 {[%emt 0:01:
42]} 18. Nd4 {[%emt 0:02:04]} Bd7 {[%emt 0:01:23]} 19. Ndb5 {[%emt 0:01:53]}
Ng8 {[%emt 0:00:54]} 20. Nd4 {[%emt 0:00:51]} g6 {[%emt 0:00:34]} 21. e4 {
[%emt 0:00:22]} Nh6 {[%emt 0:01:14]} 22. e5 {[%emt 0:00:07]} Re8 {[%emt 0:01:
00]} 23. Rfe1 {[%emt 0:00:08]} dxe5 {[%emt 0:00:18]} 24. fxe5 {[%emt 0:00:03]}
Qg5 {[%emt 0:00:23]} 25. Nf3 {[%emt 0:00:37]} Qh5 {[%emt 0:00:13]} 26. Nd5 {
[%emt 0:00:05]} Bc6 {[%emt 0:00:13]} 27. Nxc7 {[%emt 0:00:45]} Rac8 {[%emt 0:
00:00]} 28. Nxe8 {[%emt 0:00:04]} Rxe8 {[%emt 0:00:01]} 29. Qf2 {[%emt 0:01:29]
} Ne4 {[%emt 0:00:02]} 30. Qh4 {[%emt 0:00:06]} Qxh4 {[%emt 0:00:21]} 31. Nxh4
{[%emt 0:00:01]} Rxe5 {[%emt 0:00:02]} 32. Nf3 {[%emt 0:00:23]} Rc5 {[%emt 0:
00:16]} 33. Rd8+ {[%emt 0:00:10]} Kg7 {[%emt 0:00:01]} 34. Nd4 {[%emt 0:00:18]}
Rxc4 {[%emt 0:00:14]} 35. Bd3 {[%emt 0:00:01]} 1-0